[Event "XVII Aberto "]
[Site "Ourense"]
[Date "2008.??.??"]
[Round "1.3"]
[White "Manolache, Marius"]
[Black "Figueiredo, Bruno Antonio"]
[Result "1-0"]
[WhiteElo "2521"]
[BlackElo "1933"]
[PlyCount "67"]
[EventDate "2008.07.03"]

1. d4 d5 2. c4 e6 3. Nc3 Be7 4. Nf3 Nf6 5. Qc2 O-O 6. Bg5 Nbd7 7. e3 a6 8. c5
c6 9. Bd3 b6 10. Ne5 Nxe5 11. dxe5 Nd7 12. Bxh7+ Kh8 13. Bf4 g6 14. Bxg6 fxg6
15. Qxg6 Nxc5 16. O-O-O Rf5 17. g4 Rf8 18. g5 Rxf4 19. Qh6+ Kg8 20. exf4 Qf8
21. Qxf8+ Bxf8 22. h4 Bd7 23. b4 Nb7 24. Ne4 Be8 25. Nf6+ Kf7 26. h5 Bxb4 27.
h6 Ba3+ 28. Kc2 c5 29. g6+ Kxg6 30. Rdg1+ Kf5 31. Rh4 Ba4+ 32. Kb1 Na5 33. h7
Nc4 34. Rg5# 1-0

[Event "XVII Aberto "]
[Site "Ourense"]
[Date "2008.??.??"]
[Round "1.4"]
[White "Millan Soto, Miguel"]
[Black "Rivas Pastor, Manuel"]
[Result "0-1"]
[WhiteElo "1926"]
[BlackElo "2508"]
[PlyCount "88"]
[EventDate "2008.07.03"]

1. e4 c5 2. Nf3 e6 3. c4 b6 4. Nc3 Bb7 5. d4 cxd4 6. Nxd4 a6 7. a3 Qc7 8. Be2
Nf6 9. f3 d6 10. Be3 Nbd7 11. O-O Rc8 12. Rc1 Qb8 13. b4 Be7 14. Qd2 O-O 15.
Rfd1 Rfe8 16. Bf1 Bd8 17. Nde2 Rxc4 18. Qxd6 Bc7 19. Qd3 Bxh2+ 20. Kh1 Rcc8 21.
f4 Ng4 22. Qxd7 Nxe3 23. Kxh2 Red8 24. Qa4 Rxd1 25. Rxd1 b5 26. Qb3 Nxd1 27.
Qxd1 Rd8 28. Qc1 Qa7 29. Ng1 Qf2 30. Nf3 h6 31. Kh1 Kh8 32. Kh2 f6 33. Kh1 g5
34. fxg5 hxg5 35. Qa1 Kg7 36. Nh2 Rh8 37. Qd1 Qg3 38. Qd7+ Kg6 39. Kg1 Qxh2+
40. Kf2 Qf4+ 41. Ke2 Bxe4 42. Qxe6 Bf5 43. Qe7 Bg4+ 44. Ke1 Qc1+ 0-1

[Event "XVII Aberto "]
[Site "Ourense"]
[Date "2008.??.??"]
[Round "1.6"]
[White "Hermida Araujo, Lino"]
[Black "Krivoshey, Sergei"]
[Result "0-1"]
[WhiteElo "1907"]
[BlackElo "2504"]
[PlyCount "66"]
[EventDate "2008.07.03"]

1. d4 d5 2. Nf3 Nf6 3. g3 Bg4 4. Bg2 e6 5. O-O Nbd7 6. Nbd2 Be7 7. Re1 O-O 8.
e4 c6 9. e5 Ne8 10. Nf1 Bh5 11. h4 c5 12. c3 cxd4 13. Qxd4 Bc5 14. Qf4 f6 15.
g4 fxe5 16. Qg3 Bg6 17. Be3 Bd6 18. Ng5 Qe7 19. h5 Bd3 20. Qh2 e4 21. Ng3 Ne5
22. h6 g6 23. Qh3 Nc4 24. N3xe4 dxe4 25. Nxe4 Bxe4 26. Bxe4 Nxe3 27. Rxe3 Bc5
28. Re2 Rf4 29. Rae1 Qg5 30. Bf3 Nc7 31. Re5 Qe7 32. Rd1 Raf8 33. Kg2 Rxf3 0-1

[Event "XVII Aberto "]
[Site "Ourense"]
[Date "2008.??.??"]
[Round "1.7"]
[White "Starostits, Ilmars"]
[Black "Rey Torres, Salvador"]
[Result "1-0"]
[WhiteElo "2497"]
[BlackElo "1906"]
[PlyCount "101"]
[EventDate "2008.07.03"]

1. e4 e5 2. Nf3 Nc6 3. Nc3 Nf6 4. a3 a5 5. d4 exd4 6. Nxd4 d6 7. h3 h6 8. Be3
Rb8 9. g4 Bd7 10. Bg2 Be7 11. O-O O-O 12. f4 Nh7 13. Nd5 Re8 14. Qd3 Nxd4 15.
Bxd4 Bc6 16. Nxe7+ Qxe7 17. Rae1 b5 18. Qc3 Ba8 19. Qxa5 Nf6 20. e5 dxe5 21.
Rxe5 Qd6 22. Bc5 Qd7 23. Rxe8+ Qxe8 24. Re1 Qd8 25. Bxa8 Rxa8 26. Qc3 Qd5 27.
Qd4 Qf3 28. Qe3 Qc6 29. Qd4 Ra4 30. Bb4 Qxc2 31. g5 Nh5 32. Re8+ Kh7 33. Qe4+
Qxe4 34. Rxe4 c5 35. b3 f5 36. Re6 Ra8 37. g6+ Kg8 38. Bxc5 Nxf4 39. Rb6 Nxh3+
40. Kg2 Ng5 41. Rxb5 Ne6 42. Bd6 Nf8 43. Bxf8 Kxf8 44. a4 Ke7 45. a5 Kf6 46.
Rb6+ Ke5 47. b4 Ra7 48. a6 Kd5 49. b5 Kc5 50. Rb7 Ra8 51. a7 1-0

[Event "XVII Aberto "]
[Site "Ourense"]
[Date "2008.??.??"]
[Round "1.8"]
[White "Doval Gonzalez, Jose"]
[Black "Almagro Llamas, Pablo"]
[Result "0-1"]
[WhiteElo "1886"]
[BlackElo "2492"]
[PlyCount "62"]
[EventDate "2008.07.03"]

1. e4 c6 2. c4 d5 3. exd5 cxd5 4. d4 Nf6 5. Nc3 Nc6 6. Bf4 e6 7. Nf3 Be7 8. a3
O-O 9. c5 Ne4 10. Qc2 g5 11. Be3 f5 12. b4 g4 13. b5 f4 14. bxc6 fxe3 15. Nxe4
dxe4 16. Qxe4 gxf3 17. fxe3 f2+ 18. Kd1 bxc6 19. Bd3 Rf7 20. Rf1 Qd5 21. Qg4+
Kh8 22. Rb1 e5 23. Qh5 exd4 24. Qxd5 cxd5 25. exd4 Rf4 26. Rb3 Rxd4 27. Rxf2
Ba6 28. Rf3 Bxc5 29. Kd2 Rf8 30. a4 Rxf3 31. gxf3 Bc4 0-1

[Event "XVII Aberto "]
[Site "Ourense"]
[Date "2008.??.??"]
[Round "1.9"]
[White "Filip, Lucian"]
[Black "Perez Vazquez, Victor Manuel"]
[Result "1-0"]
[WhiteElo "2461"]
[BlackElo "1881"]
[PlyCount "67"]
[EventDate "2008.07.03"]

1. Nf3 Nf6 2. c4 e6 3. g3 d5 4. d4 c5 5. cxd5 exd5 6. Bg2 Nc6 7. O-O Be6 8. Nc3
Be7 9. dxc5 Bxc5 10. a3 O-O 11. b4 Bb6 12. Bb2 Qd7 13. Rc1 Rfd8 14. Na4 Bh3 15.
Bxf6 gxf6 16. Nc5 Bxc5 17. Bxh3 Qxh3 18. Rxc5 Qe6 19. Qd3 Rd7 20. Rd1 Rad8 21.
e3 Ne5 22. Qe2 Nc4 23. Nd4 Qe5 24. a4 a6 25. a5 Qe4 26. Qf3 Qe5 27. Ne2 Nb2 28.
Rd4 Na4 29. Rc2 b6 30. Ra2 b5 31. Rc2 Rd6 32. Rg4+ Kf8 33. Nd4 Qh5 34. Rg8+ 1-0

[Event "XVII Aberto "]
[Site "Ourense"]
[Date "2008.??.??"]
[Round "1.11"]
[White "Dimitrov, Vladimir"]
[Black "Conde Carvajal, Juan Delfin"]
[Result "1-0"]
[WhiteElo "2450"]
[BlackElo "1873"]
[PlyCount "21"]
[EventDate "2008.07.03"]

1. e4 e5 2. Nf3 f5 3. Nxe5 Qf6 4. Nc4 fxe4 5. Nc3 Qg6 6. Ne3 Nf6 7. d3 Bb4 8.
Bd2 O-O 9. Nxe4 Nxe4 10. dxe4 Qxe4 11. Bc4+ 1-0

[Event "XVII Aberto "]
[Site "Ourense"]
[Date "2008.??.??"]
[Round "1.12"]
[White "Fernandez Andrade, Antonio"]
[Black "Hoffman, Alejandro"]
[Result "0-1"]
[WhiteElo "1861"]
[BlackElo "2445"]
[PlyCount "56"]
[EventDate "2008.07.03"]

1. c4 g6 2. Nc3 Bg7 3. g3 e5 4. Bg2 f5 5. d3 d6 6. Rb1 Nf6 7. Bg5 h6 8. Bxf6
Bxf6 9. b4 O-O 10. Nd5 Bg7 11. b5 g5 12. e3 Nd7 13. Ne2 f4 14. Be4 Nc5 15. Nec3
Be6 16. Bg6 c6 17. bxc6 bxc6 18. Nb4 fxe3 19. f3 Rc8 20. O-O d5 21. cxd5 cxd5
22. Nb5 Qd7 23. Nc2 d4 24. a4 a6 25. Nba3 Nxa4 26. Nc4 Nc3 27. Nb6 Nxd1 28.
Nxd7 Bxd7 0-1

[Event "XVII Aberto "]
[Site "Ourense"]
[Date "2008.??.??"]
[Round "1.13"]
[White "Spassov, Liuben"]
[Black "Portela Gonzalez, Adrian"]
[Result "1-0"]
[WhiteElo "2428"]
[BlackElo "1858"]
[PlyCount "69"]
[EventDate "2008.07.03"]

1. d4 Nf6 2. c4 e6 3. Nf3 c5 4. d5 exd5 5. cxd5 d6 6. Nc3 g6 7. Bf4 a6 8. a4
Bg7 9. h3 O-O 10. e3 b6 11. Be2 Bb7 12. O-O Re8 13. Rb1 Qc7 14. Qd2 Nbd7 15.
Rfc1 Rab8 16. b4 Ne5 17. a5 Nfd7 18. axb6 Qd8 19. Na4 cxb4 20. Rxb4 Rc8 21.
Rxc8 Qxc8 22. Rb1 Qa8 23. e4 Nxf3+ 24. Bxf3 Ne5 25. Nb2 Qd8 26. Bxe5 Bxe5 27.
Nc4 Bg7 28. Qb4 Bf8 29. Na5 Qd7 30. Bg4 Qe7 31. Rc1 Bc8 32. b7 Bxb7 33. Nxb7
Qxe4 34. Qxe4 Rxe4 35. Rc6 1-0

[Event "XVII Aberto "]
[Site "Ourense"]
[Date "2008.??.??"]
[Round "1.15"]
[White "Ortiz Suarez, Isam"]
[Black "Casal Salgado, Jose Luis"]
[Result "1-0"]
[WhiteElo "2392"]
[BlackElo "1855"]
[PlyCount "23"]
[EventDate "2008.07.03"]

1. e4 c6 2. d4 d5 3. Nc3 dxe4 4. Nxe4 Nd7 5. Ng5 Ngf6 6. Bd3 e6 7. N1f3 Be7 8.
Qe2 Nb6 9. Ne5 O-O 10. c3 c5 11. Qc2 h6 12. Bh7+ 1-0

[Event "XVII Aberto "]
[Site "Ourense"]
[Date "2008.??.??"]
[Round "1.17"]
[White "Garcia Castro, Pablo"]
[Black "Ferreira, Miguel"]
[Result "1-0"]
[WhiteElo "2390"]
[BlackElo "1807"]
[PlyCount "55"]
[EventDate "2008.07.03"]

1. g3 d5 2. Bg2 e5 3. d3 Bc5 4. Nf3 Nd7 5. a3 a5 6. b3 Ngf6 7. Bb2 Qe7 8. e3 c6
9. c4 O-O 10. cxd5 Nxd5 11. O-O Re8 12. Re1 Bd6 13. Nbd2 Nc5 14. Qc2 b5 15. e4
Nc7 16. d4 Nd7 17. Qxc6 exd4 18. e5 Nxe5 19. Nxe5 Bxe5 20. f4 Ra6 21. Qc1 Qd6
22. fxe5 Rxe5 23. Rxe5 Qxe5 24. Nf3 Qe3+ 25. Qxe3 dxe3 26. Rc1 Ra7 27. Bd4 Rb7
28. Ne1 1-0

[Event "XVII Aberto "]
[Site "Ourense"]
[Date "2008.??.??"]
[Round "1.20"]
[White "Rey Alvarez, Jacobo"]
[Black "Rivera Kuzawka, Daniel"]
[Result "0-1"]
[WhiteElo "1788"]
[BlackElo "2322"]
[PlyCount "72"]
[EventDate "2008.07.03"]

1. c4 e5 2. Nc3 Nc6 3. Nf3 f5 4. e4 Nf6 5. exf5 Bc5 6. d3 d6 7. Bg5 Bxf5 8. Be2
O-O 9. a3 h6 10. Be3 Bd4 11. Qb3 Qd7 12. Nb5 Bxe3 13. fxe3 e4 14. dxe4 Nxe4 15.
Rd1 Rae8 16. O-O Qe7 17. Nfd4 Bg6 18. Bf3 Ne5 19. c5+ Bf7 20. cxd6 Nxf3+ 21.
Rxf3 Bxb3 22. dxe7 Rxf3 23. Nxb3 Rf7 24. Nxc7 Rexe7 25. Nb5 a6 26. N5d4 Nd6 27.
Re1 Nc4 28. e4 Nxb2 29. Nd2 Nd3 30. Re3 Ne5 31. h3 g6 32. N2f3 Nc4 33. Rc3 Ne5
34. Re3 Rf4 35. Kf2 Nc4 36. Rc3 Nd6 0-1

[Event "XVII Aberto "]
[Site "Ourense"]
[Date "2008.??.??"]
[Round "1.21"]
[White "Arnaudov, G. Petar"]
[Black "Lopez Graña, Carmen"]
[Result "1-0"]
[WhiteElo "2311"]
[BlackElo "1764"]
[PlyCount "47"]
[EventDate "2008.07.03"]

1. Nf3 Nf6 2. d4 d5 3. c4 c6 4. Nc3 Bg4 5. Ne5 Bh5 6. cxd5 Nxd5 7. Qb3 Qb6 8.
Nxd5 Qxb3 9. Nc7+ Kd8 10. axb3 Kxc7 11. Bf4 Kd8 12. g4 Bg6 13. Bg2 e6 14. O-O
Nd7 15. Nc4 Bb4 16. Ra4 Be7 17. Na5 Kc8 18. Rc1 Nb6 19. Nxc6 Nxa4 20. Nxe7+ Kd8
21. Nxg6 hxg6 22. Bxb7 Nb6 23. Bxa8 Nxa8 24. Ra1 1-0

[Event "XVII Aberto "]
[Site "Ourense"]
[Date "2008.??.??"]
[Round "1.23"]
[White "Vallejo Diaz, Javier"]
[Black "Rodriguez Alvarez, Sergio"]
[Result "1-0"]
[WhiteElo "2296"]
[BlackElo "1746"]
[PlyCount "44"]
[EventDate "2008.07.03"]

1. e4 e6 2. d4 d5 3. Nd2 dxe4 4. Nxe4 Bd7 5. Nf3 Bc6 6. Bd3 Nd7 7. c4 Ngf6 8.
Nc3 Be7 9. O-O O-O 10. d5 exd5 11. cxd5 Bxd5 12. Nxd5 Nxd5 13. Bxh7+ Kxh7 14.
Qxd5 Nf6 15. Qxb7 Qd6 16. Qb3 Ne4 17. Be3 f5 18. Rad1 Qg6 19. Bf4 Rab8 20. Ne5
Qh5 21. Qc2 Bf6 22. Nd7 Rxb2 1-0

[Event "XVII Aberto "]
[Site "Ourense"]
[Date "2008.??.??"]
[Round "1.24"]
[White "Lorenzo Serrano, Henar"]
[Black "Baltar Iglesias, David"]
[Result "0-1"]
[WhiteElo "1745"]
[BlackElo "2281"]
[PlyCount "36"]
[EventDate "2008.07.03"]

1. e4 Nc6 2. d4 e5 3. Nf3 exd4 4. Nxd4 Nf6 5. Nxc6 bxc6 6. e5 Qe7 7. Qe2 Nd5 8.
c4 Ba6 9. b3 Qh4 10. Bb2 Bb4+ 11. Nd2 Nc3 12. Qe3 Ne4 13. O-O-O Nxf2 14. Be2
Nxh1 15. e6 O-O 16. Rxh1 fxe6 17. Qe5 Qh6 18. Rd1 d6 0-1

[Event "XVII Aberto "]
[Site "Ourense"]
[Date "2008.??.??"]
[Round "1.25"]
[White "Astasio Lopez, David"]
[Black "Novoa Siota, Jose Antonio"]
[Result "1-0"]
[WhiteElo "2258"]
[BlackElo "1725"]
[PlyCount "45"]
[EventDate "2008.07.03"]

1. d4 d5 2. Nf3 g6 3. Nbd2 Bg7 4. e4 dxe4 5. Nxe4 Bg4 6. c3 Nf6 7. Bd3 O-O 8.
a3 Bc8 9. Nxf6+ Bxf6 10. O-O Nd7 11. Re1 b6 12. Be4 Rb8 13. Qa4 a5 14. Bh6 Bg7
15. Bxg7 Kxg7 16. Bc6 Nf6 17. Ne5 Bb7 18. Qb5 e6 19. Rad1 Rh8 20. Rd3 Qc8 21.
Rf3 Bxc6 22. Nxc6 Ra8 23. Qe5 1-0

[Event "XVII Aberto "]
[Site "Ourense"]
[Date "2008.??.??"]
[Round "1.26"]
[White "Ferreiro Mera, Aaron"]
[Black "Fernandez De Pablo, Miguel A"]
[Result "0-1"]
[WhiteElo "1723"]
[BlackElo "2232"]
[PlyCount "70"]
[EventDate "2008.07.03"]

1. e4 c5 2. Nc3 Nc6 3. f4 g6 4. Nf3 Bg7 5. Bc4 e6 6. f5 Nge7 7. fxe6 fxe6 8. d3
d5 9. Bb3 O-O 10. O-O Nd4 11. Bg5 Nxb3 12. axb3 d4 13. Na4 Qc7 14. Bxe7 Qxe7
15. Nb6 Bd7 16. Nxa8 Rxa8 17. Qd2 h6 18. Qf4 e5 19. Qg3 g5 20. Rf2 a5 21. Nd2
b5 22. c4 dxc3 23. bxc3 Bc6 24. c4 b4 25. Nf1 Qd7 26. Qe3 a4 27. Qxc5 a3 28.
Ng3 Qd4 29. Qxd4 exd4 30. Nf5 Bf8 31. Raa2 Ba4 32. bxa4 b3 33. Nxh6+ Kh7 34.
Rxf8 bxa2 35. Rf1 Rb8 0-1

[Event "XVII Aberto "]
[Site "Ourense"]
[Date "2008.??.??"]
[Round "1.28"]
[White "Blazquez Criado, Sergio"]
[Black "Fernandez Borrego, Pablo"]
[Result "0-1"]
[WhiteElo "1645"]
[BlackElo "2229"]
[PlyCount "110"]
[EventDate "2008.07.03"]

1. e4 e6 2. d4 c5 3. Nf3 cxd4 4. c3 d3 5. Bxd3 Nc6 6. O-O Qc7 7. Be3 Nf6 8. h3
d5 9. Nbd2 Be7 10. Qc2 h6 11. Rfe1 dxe4 12. Nxe4 O-O 13. Rad1 e5 14. Nxf6+ Bxf6
15. Nd2 Be7 16. Nc4 Be6 17. Bd2 Rad8 18. b3 f5 19. Nb2 e4 20. Bc4 Bxc4 21. Nxc4
b5 22. Ne3 Ne5 23. c4 Nd3 24. Re2 b4 25. Bc1 Bc5 26. Nd5 Qf7 27. Nf4 Ne5 28.
Bb2 Nc6 29. Nd5 Rde8 30. g3 Qg6 31. Kh2 Nd8 32. Nf4 Qc6 33. Bd4 Bxd4 34. Rxd4
Nf7 35. Qd2 Ne5 36. Rd6 Qb7 37. Qd5+ Qxd5 38. Rxd5 g5 39. Ng2 Nf3+ 40. Kh1 Rd8
41. Ne3 Kh7 42. Rc2 f4 43. Rxd8 Rxd8 44. Nd5 fxg3 45. fxg3 Kg6 46. Re2 Kf5 47.
Ne7+ Kf6 48. Nd5+ Ke5 49. Nxb4 Rd1+ 50. Kg2 Nd4 51. Rf2 e3 52. Rf1 Rd2+ 53. Kh1
e2 54. Re1 Rd1 55. Kg2 a5 0-1

[Event "XVII Aberto "]
[Site "Ourense"]
[Date "2008.??.??"]
[Round "1.30"]
[White "Cruz Guerra, Samuel"]
[Black "Outerelo Ucha, Manuel"]
[Result "0-1"]
[WhiteElo "1602"]
[BlackElo "2218"]
[PlyCount "62"]
[EventDate "2008.07.03"]

1. e4 e5 2. Nc3 Nf6 3. f4 d5 4. fxe5 Nxe4 5. Nf3 Bc5 6. d4 Bb4 7. Bd2 c5 8.
Nxe4 dxe4 9. Bxb4 cxb4 10. Bb5+ Bd7 11. Bxd7+ Qxd7 12. Ng5 Qf5 13. Qd2 h6 14.
Nh3 Nc6 15. O-O-O O-O-O 16. Qe3 Rd5 17. Rhf1 Qd7 18. Qxe4 Rd8 19. Qf5 Qxf5 20.
Rxf5 Nxd4 21. Rxd4 Rxd4 22. c3 bxc3 23. bxc3 Rd1+ 24. Kb2 R8d7 25. Nf4 Re1 26.
c4 g6 27. Rf6 Rxe5 28. Nd5 b5 29. Rc6+ Kb7 30. Nb4 a5 31. a4 bxa4 0-1

[Event "XVII Aberto "]
[Site "Ourense"]
[Date "2008.??.??"]
[Round "1.31"]
[White "Tamayo Romay, Javier"]
[Black "Palacios Gonzalez, Miguel"]
[Result "1-0"]
[WhiteElo "2217"]
[BlackElo "1588"]
[PlyCount "73"]
[EventDate "2008.07.03"]

1. e4 c5 2. d4 cxd4 3. c3 dxc3 4. Nxc3 Nc6 5. Nf3 a6 6. Bc4 e6 7. a4 Nge7 8.
Bg5 f6 9. Be3 Ng6 10. O-O Be7 11. Qe2 O-O 12. Rfd1 d6 13. Ba2 b6 14. Rac1 Nge5
15. Nxe5 Nxe5 16. Nd5 Rb8 17. Bxb6 Qe8 18. Bc7 exd5 19. Bxd5+ Kh8 20. Bxb8 Bg4
21. f3 Bxf3 22. gxf3 Qxb8 23. Rc3 Qb6+ 24. Kg2 Ng6 25. Kh1 Nf4 26. Qd2 g5 27.
Rb3 Qd8 28. Rb7 Qe8 29. Rg1 Qh5 30. Rg3 Bd8 31. b4 Qh4 32. a5 Nh5 33. Rg4 Qh3
34. Qg2 Qxg2+ 35. Rxg2 Nf4 36. Rc2 Ng6 37. Rc8 1-0

[Event "XVII Aberto "]
[Site "Ourense"]
[Date "2008.??.??"]
[Round "1.34"]
[White "Sabuz Forneiro, Martin"]
[Black "Garcia-Ortega Mendez, Jose M"]
[Result "0-1"]
[WhiteElo "1469"]
[BlackElo "2196"]
[PlyCount "40"]
[EventDate "2008.07.03"]

1. e4 e5 2. Nc3 Nf6 3. f4 d5 4. fxe5 Nxe4 5. Nf3 Bg4 6. Qe2 Nxc3 7. dxc3 Nc6 8.
Bf4 Qe7 9. O-O-O O-O-O 10. h3 Bxf3 11. Qxf3 Nxe5 12. Bxe5 Qxe5 13. Qxf7 Bc5 14.
Qf3 d4 15. Qg4+ Kb8 16. cxd4 Bxd4 17. c3 Bxc3 18. Rxd8+ Rxd8 19. bxc3 Qxc3+ 20.
Kb1 Rd2 0-1

[Event "XVII Aberto "]
[Site "Ourense"]
[Date "2008.??.??"]
[Round "1.35"]
[White "Eyo Castro-Rial, Alberto"]
[Black "Solange Videira Gabriel, Agna"]
[Result "1-0"]
[WhiteElo "2192"]
[BlackElo "1461"]
[PlyCount "61"]
[EventDate "2008.07.03"]

1. e4 e6 2. d4 d5 3. Nc3 Bb4 4. e5 c5 5. a3 Bxc3+ 6. bxc3 Qa5 7. Bd2 Qa4 8. h4
h5 9. Nf3 b6 10. Rh3 Ba6 11. Bxa6 Nxa6 12. Rg3 g6 13. Bg5 Nc7 14. Ng1 Nb5 15.
Ne2 Rc8 16. Ra2 Qc4 17. Qa1 Ne7 18. a4 Nc7 19. Bxe7 Kxe7 20. Rb2 Ne8 21. a5 Qa6
22. Ra2 Rc7 23. Qc1 Ng7 24. Qg5+ Ke8 25. Qf6 Rg8 26. Nf4 cxd4 27. cxd4 bxa5 28.
Nxd5 Rb7 29. Rc3 Kf8 30. Qd8+ Ne8 31. Nf6 1-0

[Event "XVII Aberto "]
[Site "Ourense"]
[Date "2008.??.??"]
[Round "1.36"]
[White "Andrade, Nuno Filipe"]
[Black "Pazos Porta, Antonio"]
[Result "0-1"]
[WhiteElo "1445"]
[BlackElo "2189"]
[PlyCount "64"]
[EventDate "2008.07.03"]

1. c4 g6 2. Nc3 Bg7 3. e4 d6 4. g3 c5 5. Bg2 Nc6 6. Nge2 e6 7. O-O Nge7 8. d3
O-O 9. h3 a6 10. Rb1 Rb8 11. Bd2 b5 12. b3 Qc7 13. Kh2 f5 14. f4 b4 15. Na4 Nd4
16. Bc1 Nec6 17. Bb2 Bb7 18. exf5 Nxf5 19. Bxg7 Ne3 20. Qc1 Nxf1+ 21. Qxf1 Qxg7
22. Qf2 Qf6 23. Rf1 Kh8 24. Qe3 Ne7 25. Bxb7 Rxb7 26. Qf3 Rbb8 27. Qe3 e5 28.
Kg2 Nf5 29. Qf2 exf4 30. Qxf4 Ne3+ 31. Kg1 Nxf1 32. Kxf1 Qe5 0-1

[Event "XVII Aberto "]
[Site "Ourense"]
[Date "2008.??.??"]
[Round "1.37"]
[White "Vidal Del Rio, Manuel"]
[Black "Mateus, André"]
[Result "1-0"]
[WhiteElo "2188"]
[BlackElo "1445"]
[PlyCount "67"]
[EventDate "2008.07.03"]

1. e4 c5 2. g3 Nc6 3. Bg2 g6 4. d3 Bg7 5. f4 d6 6. Nf3 e6 7. O-O Nge7 8. c3 O-O
9. Be3 a6 10. Bf2 b5 11. e5 b4 12. Qe2 Rb8 13. Re1 a5 14. Qc2 Ba6 15. Bf1 dxe5
16. fxe5 Qd5 17. Nbd2 Nxe5 18. Nxe5 Bxe5 19. c4 Qd6 20. Ne4 Qc7 21. Nxc5 Bb7
22. Nxb7 Rxb7 23. Bg2 Rbb8 24. d4 Bg7 25. b3 Rfd8 26. Rad1 Nf5 27. Qe4 Qd7 28.
d5 exd5 29. Rxd5 Qc7 30. Red1 Re8 31. Qd3 Bf6 32. Rd7 Qc8 33. Qd5 Rd8 34. Qxf7+
1-0

[Event "XVII Aberto "]
[Site "Ourense"]
[Date "2008.??.??"]
[Round "1.38"]
[White "Rey Cid, Jose"]
[Black "Lozoya Rodriguez, Alberto"]
[Result "1-0"]
[WhiteElo "1933"]
[BlackElo "2171"]
[PlyCount "91"]
[EventDate "2008.07.03"]

1. d4 d5 2. Nf3 Nf6 3. c4 dxc4 4. Qa4+ Nbd7 5. Qxc4 e6 6. e3 c5 7. Be2 a6 8.
O-O Be7 9. dxc5 Nxc5 10. Rd1 Qb6 11. Nc3 O-O 12. Na4 Nxa4 13. Qxa4 Qc5 14. Qd4
b6 15. Qxc5 Bxc5 16. Bd2 Bb7 17. Bc3 Rfd8 18. Rxd8+ Rxd8 19. Rd1 Rxd1+ 20. Bxd1
Bd5 21. Be2 a5 22. a3 Ne4 23. Bd4 f6 24. Kf1 Kf7 25. Bxc5 Nxc5 26. Nd2 Ke7 27.
Nc4 Nd7 28. f3 e5 29. Ke1 Bxc4 30. Bxc4 Kd6 31. b4 axb4 32. axb4 Nb8 33. Bb5
Nc6 34. Bxc6 Kxc6 35. Kd2 Kb5 36. Kc3 Ka4 37. Kc4 g5 38. g4 h6 39. e4 Ka3 40.
Kb5 Kb3 41. Kxb6 Kxb4 42. Kc6 Kc4 43. Kd6 Kd4 44. Ke6 Ke3 45. Kxf6 Kf4 46. h3
1-0

[Event "XVII Aberto "]
[Site "Ourense"]
[Date "2008.??.??"]
[Round "1.39"]
[White "Vidal Del Rio, Diego"]
[Black "Arias Piñeiro, Alejandro"]
[Result "1-0"]
[WhiteElo "2146"]
[BlackElo "1891"]
[PlyCount "45"]
[EventDate "2008.07.03"]

1. e4 d6 2. Bc4 e5 3. Ne2 g6 4. d4 Nc6 5. O-O Bg7 6. c3 Na5 7. Bb5+ c6 8. Bd3
Be6 9. d5 cxd5 10. Bb5+ Ke7 11. exd5 Bd7 12. Qa4 Bxb5 13. Qxb5 a6 14. Qd3 Rc8
15. Nd2 f5 16. b4 Nc4 17. Nxc4 e4 18. Bg5+ Kf8 19. Qd2 Qc7 20. Nb2 h6 21. Be3
Nf6 22. c4 Ng4 23. Nf4 1-0

[Event "XVII Aberto "]
[Site "Ourense"]
[Date "2008.??.??"]
[Round "1.40"]
[White "Carrero Casas, Carlos David"]
[Black "Villalta Bustillo, Igor"]
[Result "0-1"]
[WhiteElo "1695"]
[BlackElo "2146"]
[PlyCount "46"]
[EventDate "2008.07.03"]

1. e4 e5 2. Nf3 Nf6 3. Bc4 Nxe4 4. d3 Nd6 5. Nxe5 Nxc4 6. Nxc4 d5 7. Qe2+ Be7
8. Ne5 O-O 9. O-O Bd6 10. d4 Re8 11. Qh5 g6 12. Qh6 Bxe5 13. dxe5 Rxe5 14. Qf4
Re4 15. Qg3 Rg4 16. Qf3 Nc6 17. Nc3 Be6 18. Ne2 Ne5 19. Qc3 d4 20. Qc5 Nf3+ 21.
Kh1 Bd5 22. Qa3 Qh4 23. h3 Ne1 0-1

[Event "XVII Aberto "]
[Site "Ourense"]
[Date "2008.??.??"]
[Round "1.41"]
[White "Galan Martin, Pedro Juan"]
[Black "Arbulu Gallastegi, Arkaitz"]
[Result "1-0"]
[WhiteElo "2114"]
[BlackElo "1579"]
[PlyCount "43"]
[EventDate "2008.07.03"]

1. e4 e6 2. d4 d5 3. exd5 exd5 4. Bd3 Nf6 5. Bg5 Be7 6. Nc3 O-O 7. Nge2 Bg4 8.
f3 Bh5 9. Qd2 a6 10. O-O-O b5 11. Nf4 Bg6 12. Bxg6 fxg6 13. Ne6 Qd6 14. Nxf8
Bxf8 15. Qf4 Qc6 16. Bxf6 gxf6 17. Rhe1 b4 18. Ne2 Qa4 19. Kb1 Bg7 20. Qxc7 Nd7
21. Nf4 f5 22. Re7 1-0

[Event "XVII Aberto "]
[Site "Ourense"]
[Date "2008.??.??"]
[Round "1.42"]
[White "Viteri Fernandez, Miguel Angel"]
[Black "De Nacimiento Montaño, Angel"]
[Result "0-1"]
[WhiteElo "1563"]
[BlackElo "2099"]
[PlyCount "40"]
[EventDate "2008.07.03"]

1. d4 g6 2. c4 Bg7 3. Nc3 c5 4. Nf3 cxd4 5. Nxd4 Nc6 6. e3 Nf6 7. Be2 O-O 8.
O-O d5 9. cxd5 Nxd5 10. Nxd5 Qxd5 11. Bf3 Qc5 12. Nxc6 bxc6 13. Rb1 Ba6 14. Be2
Rfd8 15. Qe1 Qc2 16. Bd2 Bxe2 17. Qxe2 Qxd2 18. Qf3 Qd5 19. Qe2 Qxa2 20. Ra1
Qxb2 0-1

[Event "XVII Aberto "]
[Site "Ourense"]
[Date "2008.??.??"]
[Round "1.44"]
[White "Gonzalez Campo, Maria"]
[Black "Perez Candelario, Matias"]
[Result "0-1"]
[WhiteElo "1517"]
[BlackElo "2064"]
[PlyCount "64"]
[EventDate "2008.07.03"]

1. e4 g6 2. Nc3 Bg7 3. Nge2 c5 4. g3 Nc6 5. Bg2 e6 6. O-O Nge7 7. f4 O-O 8. e5
d6 9. exd6 Qxd6 10. Nb5 Qd7 11. c3 a6 12. Na3 Rb8 13. Nc2 Rd8 14. d3 Qxd3 15.
Be3 Qb5 16. Bd2 Qxb2 17. Kh1 e5 18. a4 Bf5 19. Rc1 Nd5 20. Bxd5 Rxd5 21. c4 Rd7
22. Bc3 Rxd1 23. Bxb2 Rxf1+ 24. Rxf1 Bxc2 25. Rc1 Bd3 26. Ng1 e4 27. Bxg7 Kxg7
28. h4 Na5 29. Kg2 Nxc4 30. Kf2 e3+ 31. Kf3 Re8 32. Ne2 Nd2+ 0-1

[Event "XVII Aberto "]
[Site "Ourense"]
[Date "2008.??.??"]
[Round "1.46"]
[White "Roma Barge, Luis"]
[Black "De Nacimiento Montaño, Antonio"]
[Result "0-1"]
[WhiteElo "1493"]
[BlackElo "2045"]
[PlyCount "100"]
[EventDate "2008.07.03"]

1. e4 c5 2. d4 cxd4 3. c3 Nf6 4. e5 Nd5 5. cxd4 e6 6. Nf3 Nc6 7. a3 d6 8. Bb5
Qa5+ 9. Nc3 Nxc3 10. Bxc6+ bxc6 11. bxc3 Qxc3+ 12. Bd2 Qd3 13. Bb4 Qe4+ 14. Qe2
Qxe2+ 15. Kxe2 Ba6+ 16. Kd2 c5 17. dxc5 dxc5 18. Ba5 Be7 19. Rab1 O-O 20. Rhd1
Bd8 21. Bc3 Bb6 22. Kc2 Rfd8 23. Rxd8+ Rxd8 24. Kb2 Bb7 25. Ne1 c4 26. f3 g5
27. Ka2 Bc6 28. Nc2 Ba4 29. Nb4 Kg7 30. h3 Kg6 31. g4 Rd7 32. Na6 Bb3+ 33. Kb2
Bd1 34. Nb8 Rd5 35. Nc6 Rb5+ 36. Bb4 Ba4 37. Kc3 Bb3 38. Bf8 Bc5 39. Bxc5 Rxc5
40. Nxa7 Rxe5 41. Rf1 Ra5 42. Nc6 Rxa3 43. Ne5+ Kf6 44. Nxc4 Bxc4+ 45. Kxc4 Ke5
46. Kb4 Re3 47. h4 h6 48. hxg5 hxg5 49. f4+ gxf4 50. Rc1 f3 0-1

[Event "XVII Aberto "]
[Site "Ourense"]
[Date "2008.??.??"]
[Round "1.48"]
[White "Fernandez Ansuar, Borja"]
[Black "De Sousa Da Silva, Armando"]
[Result "0-1"]
[WhiteElo "1464"]
[BlackElo "2031"]
[PlyCount "46"]
[EventDate "2008.07.03"]

1. e4 c5 2. c3 Nc6 3. d4 e6 4. d5 Ne5 5. dxe6 fxe6 6. f4 Nf7 7. Nf3 Nf6 8. Bd3
c4 9. Bc2 Bc5 10. e5 Nd5 11. Nd4 Qh4+ 12. g3 Qh3 13. Qf3 O-O 14. Qf1 Qh6 15.
Qxc4 b6 16. Na3 Bb7 17. O-O Qh3 18. Rf2 Nxe5 19. fxe5 Rxf2 20. Kxf2 Qxh2+ 21.
Ke1 Qxg3+ 22. Kd1 Qg1+ 23. Ke2 Rf8 0-1